Регионална библиотека "Любен Каравелов" - Русе

Светлина в пламъка (Запис номер 492552)

MARC детайли
000 -Лидер
Лидер 01339nam a2200277 a 4500
003 - Код на организацията, давaща контролен номер
Код на организацията, даваща контролен номер BLK
005 - Дата и час на последна редакция
Дата и час на последна редакция 20250623115945.0
008 - Елементи от данни с фиксирана дължина
Елементи с фиксирана дължина 221215b bu |||||r|||| 00| | bu d
020 ## - Международен стандартен номер на книга ISBN
ISBN 9789542729488
040 ## - Източник на каталожния запис
Код на библиотеката BLK
041 ## - Код за език
Език Български
Език за КДБФ Български
080 ## - УДК
УДК текст Американска литература (на САЩ)
УДК код 821.111(73)
УДК – определител -312.9
УДК – код + определител 821.111(73)-312.9
100 ## - Редна дума - Автор
R(LIN) 333730
Автор Арментраут, Дженифър Л.
245 ## - Сведения за заглавието
Заглавие Светлина в пламъка
Авторска отговорност Дженифър Л. Арментраут; прев. от англ. ез. Йоана Гацова.
260 ## - Област на издателските данни
9 (RLIN) 209434
Място на издаване София
Име на издателя Егмонт България
Година на издаване 2023
Печатница София : Ропринт
300 ## - Физическа характеристика
Брой страници 782 с.
Илюстрации с ил.
Размер 21 см
380 ## - Жанр
Жанр Худож. лит.
490 ## - СЕРИИ (Колекции)
9 (RLIN) 493883
Серия Плът и огън
Номер в серията Кн. 2
500 ## - Общи забележки
Обща забележка Ориг. загл.: A light in the flame / Jennifer L. Armentrout. - За автора: с. 782. - Кн. 2 от поредицата Плът и огън
700 ## - Други автори (авторска отговорност)
Друг автор Гацова, Йоана Пламенова
Друга информация Преводач от английски език
Авт. отговорност на др. автор прев. от англ.
9 (RLIN) 341786
852 ## - Местоположение
Сигнатура (форматна) Цб 318484
Отдел Хранилище
942 ## - АРТИКУЛИ
Вид на библиотечния документ Книги
Скрит в OPAC Не
Периодичен библиозапис Да
Koha issues (borrowed), all copies 13
944 ## - СЪЗДАВАНЕ И РЕДАКЦИЯ на ЗАПИСА
Създаване/Редакция Създаване
Дата на регистрацията/редакция 2023-07-07
Служител, извършил регистрацията/редакцията 30531
Номер на служител Цветелина Шанова
999 ## - СИСТЕМНИ КОНТРОЛНИ НОМЕРА
Koha biblionumber 492552
Koha biblioitemnumber 492552
999 ## - СИСТЕМНИ КОНТРОЛНИ НОМЕРА
Koha biblioitemnumber 492552
Наличности
Код за отписване Код за изгубен артикул Източник на класификационната схема Код за повреда Коз за рестрикции Код за отдаване Артикулен № Име на библиотеката - собственик Име на библиотеката, в която се намира в момента Статус (Текущо местоположение) Дата на вписване в системата Местоположение - отдел Цена в лева Инвентарен номер Систематично азбучна сигнатура Баркод Цена в евро Служебен тип на артикула
  Не е изгубен Universal Decimal Classification Не е повреден само за читалня ползва се в читалня 930016 Регионална библиотека "Любен Каравелов" Русе Регионална библиотека "Любен Каравелов" Русе Хранилище 2023-07-14 Хранилище 29.90 120000889360 Цб 318484 120000889360 15.29 Книги
  Не е изгубен Universal Decimal Classification Не е повреден   заемане за дома 951077 Регионална библиотека "Любен Каравелов" Русе Регионална библиотека "Любен Каравелов" Русе Заемна - подръчен фонд 2024-10-08 Заемна - подръчен фонд 20.93 120000913706 821-31/А 86 Д 120000913706 10.70 Книги
  Не е изгубен Universal Decimal Classification Не е повреден   заемане за дома 951078 Регионална библиотека "Любен Каравелов" Русе Регионална библиотека "Любен Каравелов" Русе Заемна - подръчен фонд 2024-10-08 Заемна - подръчен фонд 20.93 120000913708 821-31/А 86 Д 120000913708 10.70 Книги
  Не е изгубен Universal Decimal Classification Не е повреден   заемане за дома 951079 Регионална библиотека "Любен Каравелов" Русе Регионална библиотека "Любен Каравелов" Русе Заемна - подръчен фонд 2024-10-08 Заемна - подръчен фонд 20.93 120000913707 821-31/А 86 Д 120000913707 10.70 Книги
Vip Innovations Ltd, Rousse, Bulgaria 2025